00882nam a2200193 a 450000100100000000500170001000800410002702000180006804000250008610000290011124500610014026000430020130000210024450000700026595201200033595201050045595201110056099900170067100003989420201002033808.0130726s2013 dr 000 0 spa d a9789945007800 aDO-SdBNPbspacBNPHU1 aRosario, Cipriano96610410aCuando el amor llega a los cuarenta /cCipriano Rosario. aSanto Domingo :bEdiciones ddi,c2013. a165 p. ;c23 cm. aIncluye datos biográficos del autor en la solapa de la cubierta 001054708DSaGRbGRcCTd2013-07-26iLF1l0o p39894-30r2020-06-25te. 3w2020-06-25yLFDSZPréstamo en sala 0010718PDaPDbPDcCTd2013-07-26iLF1l0o p39894-10r2020-06-25w2020-06-25yLFPDZNo se presta 0010718PDaPDbPDcCTd2013-07-26iLF1l0o p39894-20r2020-06-25te. 2w2020-06-25yLFPDZNo se presta c39384d39384